000 00261nam a22000857a 4500
008 160804b xxu||||| |||| 00| 0 eng d
100 _931
_aThree Ess Publication
245 _aA Comprehensive dictionary of quotations
260 _aNew Delhi
_bThreee Ess Publication
_c2012
999 _c2682
_d2682